PHENOTYPIC AND GENOTYPIC DETECTION OF CARBAPENEM RESISTANT CLINICAL ISOLATES OF ENTEROBACTERIACEAE (Record no. 23983)

MARC details
000 -LEADER
fixed length control field 00398nam a22001457a 4500
003 - CONTROL NUMBER IDENTIFIER
control field SGT
082 ## - DEWEY DECIMAL CLASSIFICATION NUMBER
Classification number 616.01
Item number P20P
100 ## - MAIN ENTRY--PERSONAL NAME
Personal name PRIYANKA
245 ## - TITLE STATEMENT
Title PHENOTYPIC AND GENOTYPIC DETECTION OF CARBAPENEM RESISTANT CLINICAL ISOLATES OF ENTEROBACTERIACEAE
260 ## - PUBLICATION, DISTRIBUTION, ETC. (IMPRINT)
Place of publication, distribution, etc SGTU
Name of publisher, distributor, etc SGTU
Year of Publication 2020
300 ## - PAGE DESCRIPTION
No. of Pages 148
650 ## - SUBJECT ADDED ENTRY--TOPICAL TERM
Topical term or geographic name as entry element MEDICAL MICROBIOLOGY
653 ## - KEYWORDS--INDEX TERM
Keyword term PH.D MEDICAL MICROBIOLOGY
942 ## - ADDED ENTRY ELEMENTS (KOHA)
Source of classification or shelving scheme Dewey Decimal Classification
Koha item type Thesis/Dissertation
Holdings
Withdrawn status Lost status Source of classification or shelving scheme Damaged status Not for loan Collection code Home library Current library Shelving location Date acquired Total Checkouts Full call number Accession No. (Barcode) Date last seen Bill Date Koha item type
    Dewey Decimal Classification   Not For Loan MEDICAL SGT Medical Library SGT Medical Library Reference Book 09/06/2023   616.01 P20P DT1531 09/06/2023 09/06/2023 Thesis/Dissertation
    Dewey Decimal Classification   Not For Loan MEDICAL SGT Medical Library SGT Medical Library Reference Book 09/06/2023   616.01 P20P DT1532 09/06/2023 09/06/2023 Thesis/Dissertation
    Dewey Decimal Classification   Not For Loan MEDICAL SGT Medical Library SGT Medical Library Reference Book 09/06/2023   616.01 P20P DT1533 09/06/2023 09/06/2023 Thesis/Dissertation